| 000 | 00767nam a2200217 a 4500 | ||
|---|---|---|---|
| 005 | 20240924070053.0 | ||
| 008 | 040518s2003 mx r 000 0 spa d | ||
| 020 | _a928031226X | ||
| 035 | _aUPN01000133845 | ||
| 049 | _aCG | ||
| 050 | 4 |
_aLB2805 _bH4.6 |
|
| 100 | 1 |
_aHernes, Gudmund, _d1941- |
|
| 245 | 1 | 0 |
_aOrganization of ministeries of education : _bIIEP, París, 20-21 june 2001 / _cGudmund Hernes, Grabiele Göttelmann-Duret and Estelle Zadra. |
| 260 |
_aParís : _bUNESCO, _c2003. |
||
| 300 | _a148 p. | ||
| 440 | 0 |
_aIIEP research and studies programme. _pForum on education ; _vno. 13 |
|
| 650 | 4 |
_aEscuelas _xDirección y organización _9346 |
|
| 700 | 1 |
_aGöttelmann-Duret, Gabriele, _ecoaut. _941255 |
|
| 700 | 1 |
_aZadra, Estelle, _dcoaut. |
|
| 905 | _aLibro | ||
| 999 |
_c105996 _d105996 |
||